| 000 | 00704nam a2200217 i 4500 | ||
|---|---|---|---|
| 001 | 124062 | ||
| 003 | ES-MaACL | ||
| 005 | 20250905123715.0 | ||
| 007 | t| | ||
| 008 | 070214s1958 mx r ||||1| spa d | ||
| 100 | 1 |
_aRanke, Leopold von. _995425 |
|
| 245 | 1 | 0 |
_aGrandes figuras de la historia _b: una antología / _cLeopold von Ranke ; traducción y prólogo de Wenceslao Roces. |
| 260 |
_aMéxico : _bGrijalba, _c1958. |
||
| 300 |
_a325 p., 24 lám. ; _c22 cm. |
||
| 490 | 1 | _aBiografías gandesa | |
| 650 | 4 |
_aBiografías. _910574 |
|
| 700 | 1 |
_aRoces, Wenceslao, _d1897-1992 _998039 |
|
| 830 | 0 |
_aBiografías gandesa _9182648 |
|
| 852 |
_aES-MaACL _jC-16261 _bR.44431 |
||
| 999 |
_c124062 _d124062 |
||